| 000 | 00828nam a2200253 a 4500 | ||
|---|---|---|---|
| 001 | 57077 | ||
| 003 | BD-RjUL | ||
| 005 | 20211209080451.0 | ||
| 008 | 161205s1947 enk||||| |||| 001 0 eng d | ||
| 035 | _a(BD-RjUL) 57201 | ||
| 040 |
_cBD-RjUL _dBD-RjUL _beng _aBD-RjUL |
||
| 041 | _aeng | ||
| 082 |
_a306.6 _bWAS 1947 _223 |
||
| 100 | 1 |
_aWach, Joachim. _d1898-1955. _996031 |
|
| 245 | 0 | 0 |
_aSociology of religion / _cBy Joachim Wach. |
| 260 |
_aLondon : _bKegan Paul, Trench, Trubner & Co., _cc1947 |
||
| 300 |
_axii, 429 p. ; _c24 cm. |
||
| 490 | 0 | _aInternational library of sociology and social reconstruction | |
| 500 | _a Includes Index. | ||
| 650 | 0 |
_a sociology of Religion _95230 |
|
| 650 | 0 |
_aSociology. _996032 |
|
| 830 |
_aInternational library of sociology and social reconstruction _9169568 |
||
| 942 |
_2ddc _cBK _04 |
||
| 999 |
_c57077 _d57077 |
||